• 首页
  • 本馆介绍
  • 公告通知
  • 最新文献
  • 馆藏检索
  • 电子资源
  • 读者导购
  • 参考咨询
  • 我的图书馆
  • 登录
  • 详细信息显示
  • 放入我的书架
  • 预约/预借图书
  • 作者相关作品
  • 分类相关作品
  • 丛书相关作品
  • 出版社相关作品

书目信息

  • 表格格式
  • 工作单格式
  • 卡片格式
题名:
实用推拿治病法精华
    
 
作者: 王华兰 主编
分册:  
出版信息: 北京   科学出版社  1998.09
页数: 527页
开本: 26cm
丛书名:
单 册:
中图分类: R244.1
科图分类:
主题词: 中医学:临床医学
电子资源:
ISBN: 7-03-006605-7
000 00577nam0 2200193 45
001 0212251538
005 20021225151909.2
010    @a7-03-006605-7@d60.00元
100    @a20021225d1998 km y0chiy0120 ea
101 0  @achi
105    @a z 000yy
200 1  @a实用推拿治病法精华@AShi Yong Tui Na Zhi Bing Fa Jing Hua@f王华兰等主编@FWang Hua Lan Deng Zhu Bian
210    @a北京@c科学出版社@d1998.09
215    @a527页@d26cm
606 0  @a中医学:临床医学
690    @aR244.1@v3
701  0 @a王华兰@4主编
801    @aCN@bPftUser@c20021225
905    @aBZT@b344291-293@dR244.1@e1@f3
    
    实用推拿治病法精华/王华兰等主编.-北京:科学出版社,1998.09
    527页;26cm
    
    
    ISBN 7-03-006605-7:60.00元
    
●
相关链接 在五车中查询图书 在当当中查询图书 在豆瓣中查询图书


正题名:实用推拿治病法精华     索取号:R244.1/1         预约/预借

序号 登录号 条形码 馆藏地/架位号 状态 备注
1 344292   201379819   中心书库中库/ 中库003架A面4列1层28/ [索取号:R244.1/1] 在馆    
2 344293   201379828   中心书库中库/ 中库003架A面4列1层27/ [索取号:R244.1/1] 在馆    
山东省滨州职业学院图书馆 欢迎您!
大连网信软件有限公司© 版权所有